[Event "17th "]
[Site "Senta"]
[Date "2013.07.14"]
[Round "2.7"]
[White "Nestorovic, Irena"]
[Black "Sakic, Simeon"]
[Result "1-0"]
[WhiteElo "2039"]
[BlackElo "1879"]
[PlyCount "115"]
[EventDate "2013.07.13"]

1. d4 Nf6 2. c4 e6 3. Nc3 d5 4. cxd5 exd5 5. Bg5 Be7 6. Qc2 O-O 7. e3 c6 8. Bd3
h6 9. Bh4 Nbd7 10. h3 Re8 11. Nge2 Ne4 12. Bxe7 Qxe7 13. Bxe4 dxe4 14. Ng3 Nf6
15. O-O h5 16. Rfd1 h4 17. Nge2 Nd5 18. Nxd5 cxd5 19. Qc5 Be6 20. Qxe7 Rxe7 21.
Rac1 Kf8 22. Rc5 b6 23. Rc6 Rd7 24. Rdc1 Ke7 25. Nc3 Rb7 26. Nb5 Rd8 27. b3 g6
28. a4 Bf5 29. Kf1 Be6 30. Ke1 Bf5 31. Kd2 Be6 32. Nc7 Bf5 33. b4 Be6 34. b5
Bf5 35. Na6 Be6 36. Nb4 Kf6 37. Ke2 Ke7 38. Rc7+ Rd7 39. Rc8 Kf6 40. Rh8 g5 41.
Rg8 Kf5 42. g4+ hxg3 43. fxg3 Kf6 44. Rf1+ Ke7 45. Nc6+ Kd6 46. g4 Rbc7 47.
Rxg5 Rxc6 48. bxc6 Kxc6 49. h4 Rd8 50. h5 Rh8 51. Rh1 Rh6 52. Rg7 b5 53. axb5+
Kxb5 54. Kd2 Kc4 55. g5 Rh8 56. h6 Rb8 57. Rc1+ Kb3 58. Rb1+ 1-0

[Event "17th "]
[Site "Senta"]
[Date "2013.07.14"]
[Round "2.8"]
[White "Nesovanovic, Miroslav"]
[Black "Ilicic, Mirko"]
[Result "0-1"]
[WhiteElo "1877"]
[BlackElo "2029"]
[PlyCount "108"]
[EventDate "2013.07.13"]

1. e4 Nf6 2. e5 Nd5 3. d4 d6 4. c4 Nb6 5. exd6 cxd6 6. Nc3 Bf5 7. Nf3 e6 8. Be3
Nc6 9. Rc1 Be7 10. Bd3 Bg6 11. b3 O-O 12. O-O Bf6 13. Qd2 Ne7 14. Ne4 Nf5 15.
Nxf6+ gxf6 16. Bxf5 Bxf5 17. Bh6 Re8 18. Qf4 Bg6 19. Rfe1 e5 20. Qh4 Nd7 21.
Qg3 Kh8 22. h4 Rg8 23. Qh3 Bh5 24. Nh2 Rg6 25. Be3 Rg8 26. Qf5 Bg6 27. Qf3 h5
28. Qxb7 f5 29. Nf3 f4 30. Bd2 f6 31. dxe5 dxe5 32. Qd5 Qc7 33. Ba5 Nb6 34. Qe6
Qg7 35. Qh3 Bf5 36. Qh2 Qb7 37. Nd2 Rxg2+ 38. Qxg2 Rg8 39. Qxg8+ Kxg8 40. f3
Qg7+ 41. Kf2 Qg3+ 42. Ke2 Qg2+ 43. Kd1 e4 44. fxe4 Bg4+ 45. Kc2 Nd7 46. Rg1 Qh2
47. Rh1 Qf2 48. Rcf1 Qe3 49. Re1 Be2 50. Kb2 Ne5 51. Reg1+ Kf7 52. Bc3 f3 53.
Rg3 Qf4 54. Rhg1 Ng4 0-1

[Event "17th "]
[Site "Senta"]
[Date "2013.07.14"]
[Round "2.9"]
[White "Penjov, Damjan"]
[Black "Sakac, Elemer"]
[Result "1-0"]
[WhiteElo "2019"]
[BlackElo "1877"]
[PlyCount "57"]
[EventDate "2013.07.13"]

1. e4 d5 2. exd5 Nf6 3. Nc3 c6 4. Nf3 cxd5 5. d4 Nc6 6. Bd3 h6 7. h3 e6 8. O-O
Bd6 9. Re1 O-O 10. Ne2 Nb4 11. Ne5 Nxd3 12. Nxd3 Bd7 13. c3 Rc8 14. Nef4 Re8
15. Nh5 Nxh5 16. Qxh5 Qf6 17. Bd2 Bb8 18. Re3 Rf8 19. Rae1 Qe7 20. Ne5 Be8 21.
Qe2 a6 22. Rg3 Qf6 23. Ng4 Qh4 24. Ne5 Qf6 25. Qh5 Kh7 26. Ree3 Qf5 27. Rxg7+
Kxg7 28. Rg3+ Kh8 29. Qxh6+ 1-0

[Event "17th "]
[Site "Senta"]
[Date "2013.07.14"]
[Round "2.10"]
[White "Mrzic, Branko"]
[Black "Dinic, Nenad"]
[Result "0-1"]
[WhiteElo "1875"]
[BlackElo "2011"]
[PlyCount "152"]
[EventDate "2013.07.13"]

1. d4 Nf6 2. Nf3 g6 3. c4 Bg7 4. Nc3 d6 5. e4 O-O 6. h3 c5 7. Be3 Qa5 8. Qd2
cxd4 9. Nxd4 Nc6 10. Be2 Bd7 11. Rd1 Rfc8 12. O-O a6 13. Nb3 Qd8 14. f4 Rab8
15. Bf3 b6 16. Nd5 Ne8 17. Qf2 Be6 18. Nxb6 Rc7 19. Nd5 Rcb7 20. e5 Qc8 21.
exd6 Nxd6 22. Rc1 a5 23. Nc5 Rxb2 24. Qh4 Nf5 25. Qe1 Nxe3 26. Nxe3 Bd4 27. Nb3
Rxa2 28. Nxd4 Nxd4 29. Nd5 Nxf3+ 30. Rxf3 Qc5+ 31. Qe3 Qxe3+ 32. Nxe3 a4 33.
Rf2 Rxf2 34. Kxf2 Rb2+ 35. Kf3 a3 36. Rc3 a2 37. Ra3 Kg7 38. Ra7 Bc8 39. Ke4
Bb7+ 40. Kd4 Bc6 41. g4 Kf8 42. Kc5 Be4 43. Nd5 Bb1 44. Nc3 Ke8 45. f5 gxf5 46.
gxf5 f6 47. Nd5 Re2 48. Nc3 Re5+ 49. Kb4 Bxf5 50. Rxa2 Bxh3 51. Rh2 Bf5 52. Rd2
Bd7 53. Nd5 Bc6 54. Nb6 h5 55. c5 h4 56. Rh2 Rh5 57. Nc4 Kd7 58. Rd2+ Kc7 59.
Re2 e5 60. Rf2 Rh6 61. Ne3 h3 62. Rh2 Rh5 63. Nd1 Bg2 64. Ne3 Rg5 65. Kc4 Kc6
66. Nd1 Rg4+ 67. Kc3 Kxc5 68. Nf2 Rg3+ 69. Kd2 Kd4 70. Ke2 e4 71. Ke1 f5 72.
Nd1 f4 73. Nf2 Rb3 74. Nd1 e3 75. Ke2 Rb1 76. Ke1 Bf3 0-1

[Event "17th "]
[Site "Senta"]
[Date "2013.07.14"]
[Round "2.11"]
[White "Toth, Kazmer"]
[Black "Farkas, Sandor I"]
[Result "1-0"]
[WhiteElo "1995"]
[BlackElo "1862"]
[PlyCount "129"]
[EventDate "2013.07.13"]

1. d4 Nf6 2. c4 g6 3. g3 Bg7 4. Bg2 O-O 5. e4 d6 6. Nc3 c6 7. Nf3 Nbd7 8. O-O
e5 9. dxe5 dxe5 10. Bg5 Qc7 11. Qd2 Nc5 12. Qe3 Ne6 13. Rad1 Nxg5 14. Qxg5 Bg4
15. Qe3 Be6 16. b3 b6 17. h3 Rfd8 18. Kh2 h6 19. Ng1 Rd4 20. Nge2 Rxd1 21. Rxd1
Rd8 22. Rd3 Rxd3 23. Qxd3 Qd7 24. Nc1 Qd4 25. Qxd4 exd4 26. N3e2 Nd7 27. Nd3 f5
28. Nef4 fxe4 29. Bxe4 Bf5 30. Bxf5 gxf5 31. Kg2 Kf7 32. Kf3 Be5 33. h4 Bd6 34.
Ne2 c5 35. g4 Kf6 36. Nef4 Bxf4 37. Kxf4 fxg4 38. Ke4 h5 39. Nf4 Kg7 40. Nxh5+
Kg6 41. Nf4+ Kf6 42. Nd3 Kg6 43. Nf4+ Kf6 44. Nh5+ Kg6 45. Ng3 Nf6+ 46. Kf4
Nh5+ 47. Kxg4 Nxg3 48. fxg3 Kf6 49. Kf4 Kg6 50. g4 Kh6 51. h5 Kg7 52. g5 Kh7
53. Ke4 Kg7 54. b4 a5 55. a3 Kh7 56. bxc5 bxc5 57. a4 Kg7 58. Kf4 Kh7 59. g6+
Kg7 60. Kg5 d3 61. h6+ Kh8 62. Kf6 d2 63. Kf7 d1=Q 64. g7+ Kh7 65. g8=Q+ 1-0

[Event "17th "]
[Site "Senta"]
[Date "2013.07.14"]
[Round "2.12"]
[White "Lorincz, Renata"]
[Black "Polhert, Zdenko"]
[Result "0-1"]
[WhiteElo "1847"]
[BlackElo "1982"]
[PlyCount "108"]
[EventDate "2013.07.13"]

1. d4 d5 2. c4 c6 3. e3 e6 4. Nf3 f5 5. Nc3 Nf6 6. Be2 Bd6 7. O-O O-O 8. b3 h6
9. Bb2 Nbd7 10. Qc2 a6 11. cxd5 cxd5 12. Rac1 Rb8 13. Na4 b6 14. Ne5 Bb7 15.
Nc6 Bxc6 16. Qxc6 Qe7 17. Qc2 Rbc8 18. Qd3 b5 19. Nc3 Ne4 20. f4 g5 21. Bd1 Kh7
22. Qe2 gxf4 23. exf4 Ndf6 24. Nxe4 Nxe4 25. Rxc8 Rxc8 26. Rf3 Rg8 27. Bc1 Qg7
28. Be3 Nc3 29. Qd2 Ne4 30. Qc2 b4 31. g3 h5 32. Qg2 h4 33. Qh3 Qh6 34. Kg2 Nc3
35. Bc2 Qh5 36. Bd2 Ne4 37. Be1 Rg6 38. Bd1 Qh6 39. Kf1 hxg3 40. Qxh6+ Kxh6 41.
hxg3 Rg7 42. Bc2 Rc7 43. Bxe4 dxe4 44. Rf2 Kh5 45. Re2 Kg4 46. Kg2 Rc3 47. Kf2
Rc1 48. Bd2 Rc2 49. Be1 Rc1 50. Bd2 Rd1 51. Be3 Rd3 52. Rd2 Rc3 53. Re2 Bc7 54.
Rd2 Bb6 0-1

[Event "17th "]
[Site "Senta"]
[Date "2013.07.14"]
[Round "2.13"]
[White "Ruzicic, Sinisa"]
[Black "Ridjicki, Nenad"]
[Result "1-0"]
[WhiteElo "1978"]
[BlackElo "1835"]
[PlyCount "59"]
[EventDate "2013.07.13"]

1. Nf3 d5 2. d4 e6 3. g3 c5 4. Bg2 Nc6 5. O-O Nf6 6. b3 cxd4 7. Nxd4 Nxd4 8.
Qxd4 Be7 9. Bb2 O-O 10. Nd2 b6 11. c4 Bb7 12. Rfd1 Qc7 13. cxd5 Bc5 14. Qh4
Nxd5 15. Rac1 Qd7 16. e4 Be7 17. Qh3 Bf6 18. e5 Bg5 19. Rc4 Rac8 20. Ne4 Be7
21. Nf6+ Bxf6 22. exf6 Rxc4 23. bxc4 Qa4 24. Qg4 g6 25. Qd4 e5 26. Qd2 Nxf6 27.
Bxb7 Re8 28. Bd5 Qxa2 29. Ra1 Qb3 30. Ra3 1-0

[Event "17th "]
[Site "Senta"]
[Date "2013.07.14"]
[Round "2.14"]
[White "Sarnyai, Daniel"]
[Black "Milanovic, Maja"]
[Result "1/2-1/2"]
[WhiteElo "1801"]
[BlackElo "1969"]
[PlyCount "74"]
[EventDate "2013.07.13"]

1. c4 e5 2. Nc3 Nc6 3. Nf3 f5 4. e4 d6 5. d4 exd4 6. Nxd4 Nxd4 7. Qxd4 Nf6 8.
Bd3 fxe4 9. Nxe4 Be7 10. O-O Be6 11. Re1 Qd7 12. Nxf6+ Bxf6 13. Qe4 Kf7 14.
Qxb7 Rhe8 15. Qf3 Bg4 16. Qd5+ Kf8 17. Bf4 Bxb2 18. Bxh7 Qf7 19. Rab1 Bc3 20.
Rxe8+ Rxe8 21. Qxf7+ Kxf7 22. h3 Be6 23. Bd3 Ba5 24. g4 Rh8 25. Kg2 d5 26. Rc1
c6 27. Be3 Bb6 28. c5 Bc7 29. Bd4 Rb8 30. Rb1 Bc8 31. Rxb8 Bxb8 32. Kf3 g5 33.
Ke3 Bf4+ 34. Kf3 Bb8 35. Bc3 Bc7 36. Ke3 Bf4+ 37. Ke2 Bc7 1/2-1/2

[Event "17th "]
[Site "Senta"]
[Date "2013.07.14"]
[Round "2.15"]
[White "Tomin, Kristifor"]
[Black "Zarkovic, Milos"]
[Result "1-0"]
[WhiteElo "1960"]
[BlackElo "1719"]
[PlyCount "43"]
[EventDate "2013.07.13"]

1. d4 d5 2. Nf3 e6 3. c3 Nf6 4. Bg5 Be7 5. Bxf6 Bxf6 6. e3 O-O 7. Bd3 b6 8.
Nbd2 Bb7 9. h4 Nd7 10. Ng5 g6 11. f4 Re8 12. Qg4 Bxg5 13. hxg5 f5 14. gxf6 Qxf6
15. O-O-O c5 16. Nf3 c4 17. Bc2 b5 18. Rh6 Nf8 19. Ne5 Kg7 20. Rdh1 a5 21. Qh3
Re7 22. g4 1-0

[Event "17th "]
[Site "Senta"]
[Date "2013.07.14"]
[Round "2.19"]
[White "Dikic, Veljko"]
[Black "Petrovic, Tamara"]
[Result "1-0"]
[WhiteElo "1925"]
[BlackElo "1646"]
[PlyCount "49"]
[EventDate "2013.07.13"]

1. e4 c5 2. Nc3 d6 3. g3 Nf6 4. d3 Nc6 5. Bg2 e6 6. f4 Be7 7. Nf3 Rb8 8. O-O b5
9. Nh4 Nd4 10. Ne2 Nxe2+ 11. Qxe2 d5 12. Be3 d4 13. Bd2 Bb7 14. f5 e5 15. Nf3
Qc7 16. Nxe5 Nd7 17. Nxd7 Qxd7 18. Bf4 Rc8 19. Qh5 O-O 20. f6 Bxf6 21. Bh3 Qe7
22. Bxc8 Bxc8 23. e5 Bxe5 24. Qxe5 Qxe5 25. Bxe5 1-0

[Event "17th "]
[Site "Senta"]
[Date "2013.07.14"]
[Round "2.23"]
[White "Bernath, Robert"]
[Black "Nestorovic, Katarina"]
[Result "1-0"]
[WhiteElo "2135"]
[BlackElo "1484"]
[PlyCount "53"]
[EventDate "2013.07.13"]

1. e4 c5 2. Nf3 e6 3. d4 cxd4 4. Nxd4 Nf6 5. Nc3 d6 6. g4 Be7 7. g5 Nfd7 8. h4
O-O 9. Be3 Nc6 10. Qd2 a6 11. O-O-O Qc7 12. Kb1 b5 13. h5 b4 14. Nce2 Bb7 15.
g6 Nxd4 16. gxh7+ Kxh7 17. Nxd4 Bxe4 18. f3 Bb7 19. Bd3+ Kg8 20. h6 g6 21. h7+
Kh8 22. Bh6 Rfe8 23. Bxg6 Bxf3 24. Bxf7 Bxh1 25. Nxe6 Qc6 26. Bg7+ Kxh7 27.
Qh6# 1-0

[Event "17th "]
[Site "Senta"]
[Date "2013.07.14"]
[Round "2.30"]
[White "Horvat, Nevena"]
[Black "Radisic, Dragoljub"]
[Result "1-0"]
[WhiteElo "1636"]
[BlackElo "1409"]
[PlyCount "51"]
[EventDate "2013.07.13"]

1. c4 Nf6 2. Nf3 b6 3. d4 e6 4. a3 c5 5. dxc5 bxc5 6. Bf4 Nc6 7. Nc3 Ba6 8. e3
Bb7 9. Nb5 a6 10. Nc7+ Qxc7 11. Bxc7 Rc8 12. Bg3 Be7 13. Be2 O-O 14. O-O Rcd8
15. Qc2 g6 16. Rfd1 Nb8 17. h3 Bc6 18. Ne5 Be4 19. Bd3 d5 20. cxd5 exd5 21.
Bxe4 Nxe4 22. Bh2 f6 23. Nd3 c4 24. Nf4 Rd7 25. Rxd5 Nd6 26. Nxg6 1-0

[Event "17th "]
[Site "Senta"]
[Date "2013.07.14"]
[Round "3.2"]
[White "Polhert, Zdenko"]
[Black "Stosic, Slobodan"]
[Result "1/2-1/2"]
[WhiteElo "1982"]
[BlackElo "2155"]
[PlyCount "56"]
[EventDate "2013.07.13"]

1. d4 Nf6 2. c4 g6 3. Nc3 Bg7 4. e4 d6 5. h3 O-O 6. Nf3 Na6 7. Bd3 c5 8. d5 Nc7
9. O-O a6 10. a4 Rb8 11. Re1 e5 12. Kh2 Nh5 13. Ng1 Bd7 14. g3 b5 15. b3 b4 16.
Nce2 f5 17. Kg2 Qf6 18. f3 f4 19. g4 Qg5 20. Rf1 Bf6 21. Kh1 Ng7 22. Rf2 h5 23.
Rh2 Qh6 24. Ra2 Kf7 25. Ng3 Rh8 26. Nf1 Bh4 27. Rag2 Rbf8 28. Bd2 g5 1/2-1/2

[Event "17th "]
[Site "Senta"]
[Date "2013.07.14"]
[Round "3.3"]
[White "Zivkovic, Momcilo"]
[Black "Ruzicic, Sinisa"]
[Result "1-0"]
[WhiteElo "2138"]
[BlackElo "1978"]
[PlyCount "117"]
[EventDate "2013.07.13"]

1. e4 c5 2. c3 d5 3. exd5 Qxd5 4. d4 cxd4 5. cxd4 Nc6 6. Nf3 e5 7. Nc3 Bb4 8.
Bd2 Bxc3 9. Bxc3 exd4 10. Nxd4 Qe4+ 11. Qe2 Qxe2+ 12. Bxe2 Nge7 13. Bf3 O-O 14.
Nxc6 Nxc6 15. O-O-O Be6 16. Bd5 Bxd5 17. Rxd5 Rad8 18. Rhd1 Rxd5 19. Rxd5 Rd8
20. Rxd8+ Nxd8 21. Kd2 f6 22. Kd3 Kf7 23. Kc4 Ke6 24. Kc5 Kd7 25. Kd5 Ne6 26.
g4 Nc7+ 27. Ke4 Nb5 28. Bb4 Ke6 29. f4 Nd6+ 30. Kd4 g6 31. a4 f5 32. g5 Ne4 33.
a5 Nd6 34. Bc5 Nb5+ 35. Kc4 Nd6+ 36. Kb4 a6 37. Bxd6 Kxd6 38. Kc4 Kc6 39. h3
b5+ 40. axb6 Kxb6 41. Kb4 a5+ 42. Ka4 Ka6 43. b4 axb4 44. Kxb4 Kb6 45. Kc4 Kc6
46. Kd4 Kd6 47. h4 Ke6 48. Kc5 Ke7 49. Kd5 Kd7 50. Ke5 Ke7 51. h5 gxh5 52. Kxf5
Kf7 53. Ke4 Kg6 54. f5+ Kxg5 55. Ke5 h4 56. f6 h3 57. f7 h2 58. f8=Q h1=Q 59.
Qg7+ 1-0

[Event "17th "]
[Site "Senta"]
[Date "2013.07.14"]
[Round "3.4"]
[White "Pajzer, Istvan"]
[Black "Tomin, Kristifor"]
[Result "1-0"]
[WhiteElo "2132"]
[BlackElo "1960"]
[PlyCount "87"]
[EventDate "2013.07.13"]

1. e4 c5 2. Nf3 Nc6 3. Bb5 Qc7 4. O-O e6 5. Re1 Ne5 6. c3 a6 7. Bf1 c4 8. Nxe5
Qxe5 9. Bxc4 Bd6 10. g3 Qc5 11. Bb3 Qc7 12. d4 Be7 13. Nd2 b5 14. Qe2 Bb7 15.
a4 b4 16. c4 h5 17. Nf1 g5 18. e5 d6 19. d5 Rh6 20. exd6 Qxd6 21. h4 exd5 22.
cxd5 f6 23. hxg5 fxg5 24. Bxg5 Rh7 25. Bxe7 Nxe7 26. Qe4 Rg7 27. Ne3 Kf8 28.
Nf5 Nxf5 29. Qxf5+ Rf7 30. Qxh5 Qf6 31. Re2 Kg7 32. Rae1 Raf8 33. Qg4+ Kh8 34.
Qxb4 Rh7 35. Qxf8+ Qxf8 36. Re8 Kg8 37. Rxf8+ Kxf8 38. f4 Bc8 39. Kg2 Bg4 40.
Bd1 Bh3+ 41. Kf3 Rd7 42. Rh1 Rh7 43. Kf2 Kg7 44. g4 1-0

[Event "17th "]
[Site "Senta"]
[Date "2013.07.14"]
[Round "3.5"]
[White "Pavkov, Nebojsa"]
[Black "Sedlak, Ivan"]
[Result "1/2-1/2"]
[WhiteElo "1954"]
[BlackElo "2128"]
[PlyCount "116"]
[EventDate "2013.07.13"]

1. d4 Nf6 2. Bg5 d5 3. Nf3 e6 4. e3 c5 5. c3 Nc6 6. Nbd2 h6 7. Bh4 cxd4 8. exd4
Be7 9. Bd3 O-O 10. O-O Nh5 11. Bg3 Nxg3 12. hxg3 Bd6 13. Re1 f5 14. c4 Qf6 15.
cxd5 exd5 16. Qb3 Qf7 17. Ne5 Bxe5 18. dxe5 Be6 19. f4 Rac8 20. Nf3 Qe7 21.
Rac1 Kh8 22. Nh4 Kh7 23. Qa4 a6 24. a3 Qc7 25. g4 Qb6+ 26. Kf1 g6 27. gxf5 gxf5
28. g4 Ne7 29. gxf5 Rxc1 30. f6+ Kg8 31. Rxc1 Bh3+ 32. Ke2 Nc6 33. Kf3 h5 34.
Re1 Qxb2 35. Rg1+ Bg4+ 36. Rxg4+ hxg4+ 37. Kxg4 Qd2 38. Bf5 Kf7 39. Qc2 Qxc2
40. Bxc2 Rg8+ 41. Kh5 d4 42. Bb3+ Kf8 43. Bxg8 Kxg8 44. Kg6 d3 45. Nf3 Kf8 46.
e6 Nd4 47. e7+ Ke8 48. Kg7 Nf5+ 49. Kg8 Nh6+ 50. Kh7 Nf5 51. a4 b5 52. axb5
axb5 53. Nd2 Kf7 54. Ne4 b4 55. e8=Q+ Kxe8 56. Kg6 Nh4+ 57. Kg5 Nf3+ 58. Kg6
Nh4+ 1/2-1/2

[Event "17th "]
[Site "Senta"]
[Date "2013.07.14"]
[Round "3.6"]
[White "Puhalo, Zdravko"]
[Black "Dikic, Veljko"]
[Result "1-0"]
[WhiteElo "2064"]
[BlackElo "1925"]
[PlyCount "86"]
[EventDate "2013.07.13"]

1. d4 Nf6 2. Nc3 d6 3. e4 e5 4. d5 Be7 5. h3 c6 6. Bg5 Nxd5 7. Bxe7 Nxe7 8. Qd2
Be6 9. O-O-O Nc8 10. f4 exf4 11. Qxf4 Nd7 12. Nf3 O-O 13. Be2 Qa5 14. a3 Ne5
15. Rhf1 Qc7 16. Nd4 Ne7 17. h4 b5 18. h5 a5 19. h6 N7g6 20. Qg5 gxh6 21. Qxh6
Qe7 22. Rh1 Rfd8 23. Nf5 Qf6 24. Qxh7+ Kf8 25. Qh6+ Kg8 26. Qh7+ Kf8 27. Rdf1
b4 28. Qh6+ Kg8 29. Nb1 bxa3 30. Nxa3 Rab8 31. Nd4 Qg7 32. Qe3 Rb4 33. c3 Rb7
34. Rf2 Rdb8 35. Bh5 Bg4 36. Nf5 Qh7 37. Nh6+ Kf8 38. Bxg6 Nxg6 39. Qg3 Ne5 40.
Qe3 Be6 41. Rd1 Kg7 42. Rh1 Qg6 43. Nf5+ Kg8 1-0

[Event "17th "]
[Site "Senta"]
[Date "2013.07.14"]
[Round "3.7"]
[White "Petrovic, Milan M"]
[Black "Nestorovic, Irena"]
[Result "1/2-1/2"]
[WhiteElo "1917"]
[BlackElo "2039"]
[PlyCount "23"]
[EventDate "2013.07.13"]

1. e4 e5 2. d4 exd4 3. Nf3 Nc6 4. c3 d5 5. exd5 Qxd5 6. Be2 Bg4 7. cxd4 Bb4+ 8.
Nc3 Bxf3 9. Bxf3 Qc4 10. Bxc6+ Qxc6 11. Qe2+ Ne7 12. O-O 1/2-1/2

[Event "17th "]
[Site "Senta"]
[Date "2013.07.14"]
[Round "3.8"]
[White "Ilicic, Mirko"]
[Black "Davidovic, Zoran"]
[Result "1/2-1/2"]
[WhiteElo "2029"]
[BlackElo "1904"]
[PlyCount "34"]
[EventDate "2013.07.13"]

1. d4 f5 2. c4 Nf6 3. Nc3 e6 4. Nf3 Bb4 5. e3 Ne4 6. Qc2 O-O 7. Bd3 d5 8. O-O
c6 9. Ne5 Bd6 10. f3 Nxc3 11. bxc3 Bxe5 12. dxe5 Nd7 13. f4 Nc5 14. Ba3 b6 15.
cxd5 cxd5 16. c4 Ba6 17. Be2 Rc8 1/2-1/2

[Event "17th "]
[Site "Senta"]
[Date "2013.07.14"]
[Round "3.9"]
[White "Milosevic, Jovana"]
[Black "Penjov, Damjan"]
[Result "1/2-1/2"]
[WhiteElo "1913"]
[BlackElo "2019"]
[PlyCount "77"]
[EventDate "2013.07.13"]

1. e4 e5 2. Nf3 Nc6 3. Bb5 a6 4. Ba4 Nf6 5. O-O b5 6. Bb3 d6 7. Re1 Be7 8. c3
O-O 9. d4 Bg4 10. dxe5 Nxe5 11. Nbd2 Nfd7 12. h3 Nxf3+ 13. Nxf3 Bxf3 14. Qxf3
Bg5 15. Qg3 Bxc1 16. Raxc1 Qf6 17. Rcd1 Nc5 18. Bc2 Ne6 19. e5 dxe5 20. Qxe5
Qxe5 21. Rxe5 Rad8 22. Red5 Rxd5 23. Rxd5 Rd8 24. Rxd8+ Nxd8 25. Kf1 Kf8 26.
Ke2 h6 27. Ke3 Ke7 28. Ke4 Kd6 29. f4 c5 30. g4 a5 31. h4 Nc6 32. Bd1 Ne7 33.
g5 f6 34. gxf6 gxf6 35. Bg4 b4 36. cxb4 axb4 37. h5 Kc6 38. Be6 Kd6 39. Bh3
1/2-1/2

[Event "17th "]
[Site "Senta"]
[Date "2013.07.14"]
[Round "3.10"]
[White "Dinic, Nenad"]
[Black "Olajos, Gyozo"]
[Result "1-0"]
[WhiteElo "2011"]
[BlackElo "1690"]
[PlyCount "75"]
[EventDate "2013.07.13"]

1. e4 c5 2. Nf3 d6 3. Bb5+ Bd7 4. Bxd7+ Qxd7 5. O-O Nc6 6. c3 e5 7. d4 Nf6 8.
Re1 cxd4 9. cxd4 g6 10. Nc3 Bg7 11. h3 Rd8 12. Bg5 O-O 13. Nd5 Qe6 14. Nxf6+
Bxf6 15. d5 Qe7 16. Bxf6 Qxf6 17. dxc6 bxc6 18. Rc1 Rc8 19. Qa4 c5 20. Qc4 Kg7
21. Rcd1 Rfd8 22. Rd3 Qe7 23. Red1 f6 24. b3 Rb8 25. a3 Rb6 26. Nd2 Rdb8 27.
Qd5 Rd8 28. Nc4 Ra6 29. Rg3 g5 30. Ne3 Kh8 31. Nf5 Qf8 32. a4 Rb6 33. h4 h6 34.
hxg5 fxg5 35. Rh3 Kh7 36. Qe6 d5 37. Rxh6+ Qxh6 38. Qe7+ 1-0

[Event "17th "]
[Site "Senta"]
[Date "2013.07.14"]
[Round "3.11"]
[White "Milanovic, Maja"]
[Black "Jovanovic, Stojan"]
[Result "1-0"]
[WhiteElo "1969"]
[BlackElo "1678"]
[PlyCount "57"]
[EventDate "2013.07.13"]

1. e4 c6 2. d4 d5 3. exd5 cxd5 4. Bd3 Nf6 5. Bf4 Nc6 6. c3 Bg4 7. Qb3 Na5 8.
Qa4+ Nc6 9. Nd2 Bd7 10. Qd1 Qc8 11. Ngf3 Bf5 12. Qe2 Bxd3 13. Qxd3 e6 14. O-O
Be7 15. Rfe1 O-O 16. Ne5 Nh5 17. Be3 Nxe5 18. dxe5 g6 19. Bh6 Ng7 20. Qh3 Qd8
21. Nf3 Re8 22. g4 Rc8 23. Kh1 Rc4 24. Rad1 Qb6 25. Rd2 a5 26. Rg1 Re4 27. Be3
Qd8 28. Qh6 Bf8 29. Ng5 1-0

[Event "17th "]
[Site "Senta"]
[Date "2013.07.14"]
[Round "3.12"]
[White "Knezevic, Velimir"]
[Black "Sarnyai, Daniel"]
[Result "1/2-1/2"]
[WhiteElo "1940"]
[BlackElo "1801"]
[PlyCount "96"]
[EventDate "2013.07.13"]

1. e4 c5 2. Nf3 e6 3. c3 Qc7 4. d4 cxd4 5. Nxd4 a6 6. Be3 Nf6 7. Nd2 d6 8. h3
Be7 9. Bd3 Nbd7 10. f4 b5 11. N4f3 Bb7 12. O-O O-O 13. Qe2 Nc5 14. Bxc5 Qxc5+
15. Kh2 Rac8 16. a4 Bc6 17. Nd4 bxa4 18. Bxa6 Rb8 19. Nxc6 Qxc6 20. Ra2 d5 21.
e5 Nd7 22. Bd3 a3 23. bxa3 Qxc3 24. Rf3 Qa5 25. a4 Nc5 26. Bb5 Rxb5 27. Qxb5
Qa7 28. a5 Rb8 29. Qc6 g6 30. Rc3 Na6 31. Qa4 Nb4 32. Rb2 Qd4 33. Rcb3 Qxf4+
34. Kh1 Qxe5 35. Nf3 Qf4 36. a6 Rc8 37. a7 Rc1+ 38. Ng1 Rxg1+ 39. Kxg1 Bc5+ 40.
Kh1 Qf1+ 41. Kh2 Bg1+ 42. Kg3 Qe1+ 43. Kg4 h5+ 44. Kg5 Qe5+ 45. Kh4 Qf6+ 46.
Kg3 Qe5+ 47. Kh4 Qf6+ 48. Kg3 Qe5+ 1/2-1/2

[Event "17th "]
[Site "Senta"]
[Date "2013.07.14"]
[Round "3.13"]
[White "Scepanovic, Labud"]
[Black "Bacsa, Zoltan"]
[Result "1-0"]
[WhiteElo "2186"]
[BlackElo "1654"]
[PlyCount "107"]
[EventDate "2013.07.13"]

1. g3 Nf6 2. Bg2 e6 3. d3 d5 4. c3 h6 5. Nd2 Be7 6. Qc2 c6 7. e4 dxe4 8. dxe4
Nbd7 9. Ngf3 Bc5 10. O-O O-O 11. e5 Nd5 12. Ne4 Bb6 13. a3 Ne7 14. c4 Ng6 15.
Rd1 Qe7 16. Qc3 Nc5 17. Nd6 Rd8 18. Be3 Nd7 19. c5 Bc7 20. b4 f6 21. Bd4 fxe5
22. Nxe5 Ndf8 23. Nef7 Bxd6 24. Nxd6 e5 25. Be3 Nh7 26. Be4 Nhf8 27. Qc2 Qf6
28. Rd2 Rb8 29. Nxc8 Rbxc8 30. Rad1 Rxd2 31. Rxd2 Ne7 32. Rd6 Qf7 33. Qd3 Re8
34. Kg2 Nc8 35. Rd8 Rxd8 36. Qxd8 Qd7 37. Qxd7 Nxd7 38. Bf5 Kf7 39. Bxd7 Ne7
40. a4 Nd5 41. Bd2 Ne7 42. b5 cxb5 43. axb5 Kf6 44. c6 bxc6 45. bxc6 Nd5 46.
Ba5 Ke7 47. Kf3 Nb6 48. Bxb6 axb6 49. Bf5 Kd6 50. Be4 h5 51. h4 b5 52. Ke3 Kc7
53. Kd3 Kb6 54. Kc3 1-0

[Event "17th "]
[Site "Senta"]
[Date "2013.07.14"]
[Round "3.14"]
[White "Rajsli, Andor"]
[Black "Bernath, Robert"]
[Result "1/2-1/2"]
[WhiteElo "1635"]
[BlackElo "2135"]
[PlyCount "69"]
[EventDate "2013.07.13"]

1. e4 c5 2. b3 Nc6 3. Nc3 g6 4. Bb5 Nd4 5. Nge2 Bg7 6. Rb1 Nf6 7. Bd3 d5 8.
exd5 Nxd5 9. Bb2 O-O 10. O-O Nb4 11. Nxd4 Nxd3 12. Nde2 Nxb2 13. Rxb2 Bg4 14.
Qe1 Rc8 15. Rb1 e5 16. d3 Be6 17. a4 f5 18. Ng3 a6 19. Nce2 h5 20. f3 h4 21.
Nh1 Bh6 22. Nf2 Be3 23. Kh1 f4 24. Ne4 h3 25. g4 fxg3 26. N2xg3 Bf4 27. Ne2 Rc7
28. Nxf4 Rxf4 29. Qg3 Bf5 30. Ng5 Qf6 31. Nxh3 Rh4 32. Ng5 Rh5 33. Ne4 Qh8 34.
Rf2 b6 35. Re1 1/2-1/2

[Event "17th "]
[Site "Senta"]
[Date "2013.07.14"]
[Round "3.17"]
[White "Milosevic, Milica"]
[Black "Bicskei, Mihaly"]
[Result "1-0"]
[WhiteElo "1609"]
[BlackElo "1894"]
[PlyCount "83"]
[EventDate "2013.07.13"]

1. d4 Nf6 2. Nf3 g6 3. e3 Bg7 4. h3 b6 5. Nbd2 Bb7 6. c3 O-O 7. Bd3 d6 8. O-O
Nbd7 9. e4 e5 10. d5 Nc5 11. Nb3 Nxd3 12. Qxd3 a5 13. Be3 a4 14. Nc1 h6 15. Qd2
Kh7 16. Qc2 Qd7 17. Ne2 Ba6 18. c4 Ng8 19. Nd2 Ne7 20. f4 f5 21. Nc3 exf4 22.
Bxf4 a3 23. b3 fxe4 24. Ndxe4 Nf5 25. Rae1 Bd4+ 26. Kh1 Qg7 27. Qd3 Rae8 28.
Ne2 Be5 29. Bxe5 Rxe5 30. g4 Nh4 31. Nd4 Bc8 32. Rxf8 Qxf8 33. Rf1 Qg7 34. Nc6
Rg5 35. Nxg5+ hxg5 36. Re1 Qb2 37. Qe2 Qc3 38. Qe7+ Qg7 39. Qxg7+ Kxg7 40. Re7+
Kf6 41. Rxc7 Ba6 42. Nb4 1-0

[Event "17th "]
[Site "Senta"]
[Date "2013.07.14"]
[Round "3.20"]
[White "Soklovacki, Marija"]
[Black "Barta, Aron"]
[Result "1-0"]
[WhiteElo "1886"]
[BlackElo "1610"]
[PlyCount "45"]
[EventDate "2013.07.13"]

1. d4 d5 2. c4 e6 3. Nf3 Nc6 4. Nc3 Nf6 5. Bg5 Be7 6. e3 O-O 7. Rc1 h6 8. Bh4
dxc4 9. Bxc4 Na5 10. Bd3 c5 11. O-O Bd7 12. dxc5 Bxc5 13. Ne4 Be7 14. Bg3 Nc6
15. Qe2 Nh5 16. Bd6 Be8 17. Rfd1 Qb6 18. Bxe7 Nxe7 19. Ne5 f5 20. Nc4 Qd8 21.
Nc5 Qc8 22. Nd6 Qc6 23. Bb5 1-0

[Event "17th "]
[Site "Senta"]
[Date "2013.07.14"]
[Round "3.24"]
[White "Sakac, Elemer"]
[Black "Soklovacki, Mila"]
[Result "0-1"]
[WhiteElo "1877"]
[BlackElo "1585"]
[PlyCount "92"]
[EventDate "2013.07.13"]

1. d4 d5 2. c4 c6 3. Nc3 Nf6 4. cxd5 cxd5 5. Nf3 Bf5 6. e3 a6 7. Bd3 Bxd3 8.
Qxd3 e6 9. O-O Bd6 10. h3 O-O 11. Re1 Nc6 12. e4 dxe4 13. Nxe4 Be7 14. Bg5 Nxe4
15. Bxe7 Nxf2 16. Kxf2 Nxe7 17. Rad1 Qb6 18. b3 Rac8 19. Ne5 Qa5 20. Qe2 Nd5
21. Nc4 Qc7 22. Kg1 Nc3 23. Qf3 Nxd1 24. Rxd1 Qc6 25. Qg3 Rcd8 26. Ne5 Qd6 27.
Qf3 Qd5 28. Qg3 Rc8 29. Ng4 Qg5 30. h4 Qg6 31. Qf3 b5 32. Rf1 Qc2 33. Rf2 Qc3
34. Qf4 Qc1+ 35. Qxc1 Rxc1+ 36. Kh2 Rd1 37. Rf4 Rd2 38. a4 bxa4 39. bxa4 Ra2
40. d5 exd5 41. Ne5 f6 42. Nd3 Rc8 43. Rg4 Rc4 44. Nf4 Raxa4 45. g3 Ra2+ 46.
Kh3 Rcc2 0-1